000 00589nam a2200193Ia 4500
005 20250508170226.0
008 008 250505s9999 xx 000 0 eng d
037 _aDissertations
040 _aFEDL
_beng
_cFEDL
041 _aeng
_2eng
084 _a306.768, TRI/DI
_qFEDL
100 _aTrivedi Ram
245 0 _aIdentity, sociality and educational concerns: An exploratory study of the Kinnar community
260 _c2023
300 _aiv, 136p.
546 _aM.Ed. Dissertation (Delhi University)
942 _cDIS
_h306.768, TRI/DI
999 _c1399900
_d1399900